Представление документа в формате RUSMARC

ПолеНазваниеЗначение
  Тип записи a
  Библиографический уровень a
001 Контрольный номер RU/УОНБ/EK_Kray/349102885
005 Дата корректировки 20220304200119.0
100 Данные общей обработки __
a Данные общей обработки 20110123d2011 ||| 0rusy0189 ca
101 Язык документа 0_
a Язык текста rus
102 Страна публикации __
a Страна публикации RU
105 Кодированные данные (монография) __
a Кодированные данные (монография) y###||||000|y
200 Заглавие и сведения об ответственности 1_
a Заглавие Твоих снегов хотел забыть я имя
e Сведения, относящиеся к заглавию стихи
f Первые сведения об ответственности Леонид Сурков
225 Серия 1_
a Серия Литературная страница
461 Уровень набора _0
1 2000
a Ульяновск сегодня
1 011
463 Уровень физической единицы _0
1 001RU/УОНБ/EK_Kray/349099200
1 2000
a 6 янв
v С. 14
1 210
d 2011
610 Ключевые слова 0_
a Ключевые слова стихи
686 Индексы других классификаций __
a Классификационный индекс 84-5
2 Код системы rubbk
700 Автор _1
a Фамилия Сурков
b Имя (инициалы) Л.
g Полное личное имя Леонид
4 Код отношения 070
801 Источник записи _0
a Страна RU
b Организация Ульяновская ОНБ
c Дата составления 20110123
g Правила каталогизации RCR
801 Источник записи _1
a Страна RU
b Организация IS
c Дата составления 20110123
g Правила каталогизации RCR
901 Тип документа __
t Тип документа b
w Контрольный № источника RU/УОНБ/EK_Kray/349099200
938 Служебная информация __
a Имя БД kraeved_work
b Имя библиотеки УОНБ
c Имя АИБС МАРК-SQL
d Номер DOC_ID в БД 73388